A carregar...

On history /

Detalhes bibliográficos
Autor principal: Hobsbawm, E. J.
Formato: Printed Book
Publicado em: London : Abacus, 1997
Assuntos:
LEADER 00474cam a2200157 a 4500
020 |a 0349110506 
082 |a 940  |b HOB/H 
100 1 |a Hobsbawm, E. J. 
245 1 0 |a On history / 
260 |a London :  |b Abacus,  |c 1997 
300 |a xi, 305 p. ; 
650 0 |a History 
650 0 |a Historiography. 
942 |c BK 
999 |c 97741  |d 97741 
952 |0 0  |1 0  |4 0  |6 940_000000000000000_HOB_H  |7 0  |9 90823  |a SSS  |b SSS  |c GEN  |d 2011-11-15  |g 386.55  |l 1  |o 940 HOB/H  |p SSS06055  |r 2014-09-03  |s 2014-08-28  |w 2011-11-15  |y BK